English Grammar Translation and Composition (Record no. 177992)

MARC details
000 -LEADER
fixed length control field 00701nam a22002177a 4500
005 - DATE AND TIME OF LATEST TRANSACTION
control field 20210311152826.0
006 - FIXED-LENGTH DATA ELEMENTS--ADDITIONAL MATERIAL CHARACTERISTICS--GENERAL INFORMATION
fixed length control field a|||||f|||| 00| 0
007 - PHYSICAL DESCRIPTION FIXED FIELD--GENERAL INFORMATION
fixed length control field tc
008 - FIXED-LENGTH DATA ELEMENTS--GENERAL INFORMATION
fixed length control field 180720b xxu||||| |||| 00| 0 eng d
010 ## - LCCN (DPL NO)
LC control number BR-003132-BR-003134
020 ## - INTERNATIONAL STANDARD BOOK NUMBER
Terms of availability 05.00
035 ## - SYSTEM CONTROL NUMBER
System control number BR-003132
037 ## - SOURCE OF ACQUISITION
Source of stock number/acquisition A.I.C.B.
082 ## - DEWEY DECIMAL CLASSIFICATION NUMBER
Classification number 485
245 ## - TITLE STATEMENT
Title English Grammar Translation and Composition
260 ## - PUBLICATION, DISTRIBUTION, ETC. (IMPRINT)
Place of publication, distribution, etc New Delhi
Name of publisher, distributor, etc A.C.I.B.
Date of publication, distribution, etc N.D.
270 ## - ADDRESS
Address Sector-5, Rohini,
City New Delhi
Postal code 110085
300 ## - PHYSICAL DESCRIPTION
Extent 3V.,various pages.
Dimensions 30cm (HB).
942 ## - ADDED ENTRY ELEMENTS (KOHA)
Source of classification or shelving scheme Dewey Decimal Classification
Item type Braille-Books-English
Classification part 485
Call number suffix ENG
Holdings
Withdrawn status Lost status Materials specified (bound volume or other part) Not for loan Collection code Home library Current library Date acquired Source of acquisition Cost, normal purchase price Full call number Barcode Copy number Koha item type
    V.-1   Non-fiction Braille-Library Braille-Library 22/03/2019 2019-03-22 5.00 485 ENG BR-003132 1 Braille-Books-English
    V.-2   Non-fiction Braille-Library Braille-Library 22/03/2019 2019-03-22 5.00 485 ENG BR-003133 1 Braille-Books-English
    V.-3   Non-fiction Braille-Library Braille-Library 22/03/2019 2019-03-22 5.00 485 ENG BR-003134 1 Braille-Books-English

© Delhi Public Library
Hit Counter
free hit counter